<?xml version="1.0" encoding="UTF-8"?>
<record
    xmlns:xsi="http://www.w3.org/2001/XMLSchema-instance"
    xsi:schemaLocation="http://www.loc.gov/MARC21/slim http://www.loc.gov/standards/marcxml/schema/MARC21slim.xsd"
    xmlns="http://www.loc.gov/MARC21/slim">

  <leader>01667nam a22003017a 4500</leader>
  <controlfield tag="003">OSt</controlfield>
  <controlfield tag="005">20231006163459.0</controlfield>
  <controlfield tag="008">231006b           ||||| |||| 00| 0 spa d</controlfield>
  <datafield tag="040" ind1=" " ind2=" ">
    <subfield code="c">CO-MqBPB</subfield>
  </datafield>
  <datafield tag="041" ind1=" " ind2=" ">
    <subfield code="a">spa</subfield>
  </datafield>
  <datafield tag="082" ind1=" " ind2=" ">
    <subfield code="a">860.318</subfield>
    <subfield code="b">C17v</subfield>
  </datafield>
  <datafield tag="100" ind1=" " ind2=" ">
    <subfield code="a">Casta&#xF1;o, Adolfo. </subfield>
  </datafield>
  <datafield tag="245" ind1=" " ind2=" ">
    <subfield code="a"> Presencia Viva de la poes&#xED;a, IV Encuentro de Poetas Hispanoamericanos; Seminario Poetas narradores y/o narradores poetas / </subfield>
    <subfield code="c">Adolfo Casta&#xF1;&#xF3;n</subfield>
  </datafield>
  <datafield tag="260" ind1=" " ind2=" ">
    <subfield code="a">Bogot&#xE1; : </subfield>
    <subfield code="b">Casa de Poes&#xED;a Silva</subfield>
    <subfield code="c">1995</subfield>
  </datafield>
  <datafield tag="300" ind1=" " ind2=" ">
    <subfield code="a"> 2 compact disc son.</subfield>
    <subfield code="b">(107 min.) : digital ; </subfield>
    <subfield code="c">12 cm.</subfield>
  </datafield>
  <datafield tag="490" ind1=" " ind2=" ">
    <subfield code="a"> Voces para el tiempo</subfield>
  </datafield>
  <datafield tag="500" ind1=" " ind2=" ">
    <subfield code="a">
Seminario realizado el 24 de octubre de 1995</subfield>
  </datafield>
  <datafield tag="505" ind1=" " ind2=" ">
    <subfield code="a">
Cd 1. Anuncio / N.N. (1:50 min.) ; Habla sobre Alfonso Reyes / Adolfo Casta&#xF1;&#xF3;n (26:50 min.) ; Anuncio / Augusto Pinilla (0:09 min.) ; Poetas narradores y/o narradores poetas / Gonzalo Mill&#xE1;n (16:00 min.) ; Cometario y Anuncia de Alfonso C&#xE1;rdenas / Augusto Pinilla (0:37 min.) ; Escritura y po&#xE9;tica en Rojas Herazo / Alfonso C&#xE1;rdenas (24:35 min.) -- Cd 2. Comentario y anuncio a Margarita Laso / Augusto Pinilla (0:48 min.) ; Poes&#xED;a categor&#xED;a de calidad / Margarita Laso (03:00 min.) ; Comentarios / Augusto Pinilla (33:44 min.) ; Ep&#xED;grafe / Adolfo Casta&#xF1;&#xF3;n (0:18 min.)</subfield>
  </datafield>
  <datafield tag="650" ind1=" " ind2=" ">
    <subfield code="a">Rojas Herazo, H&#xE9;ctor, </subfield>
    <subfield code="x">1921-2002 </subfield>
  </datafield>
  <datafield tag="650" ind1=" " ind2=" ">
    <subfield code="a">Cr&#xED;tica e interpretaci&#xF3;n Poes&#xED;a </subfield>
    <subfield code="x">Historia y cr&#xED;tica </subfield>
  </datafield>
  <datafield tag="650" ind1=" " ind2=" ">
    <subfield code="a">Compact disc Literatura </subfield>
    <subfield code="x">Historia y cr&#xED;tica </subfield>
  </datafield>
  <datafield tag="650" ind1=" " ind2=" ">
    <subfield code="a">Compact disc</subfield>
  </datafield>
  <datafield tag="700" ind1=" " ind2=" ">
    <subfield code="a">Mill&#xE1;n, Gonzalo, </subfield>
    <subfield code="d">1947-2006.  </subfield>
  </datafield>
  <datafield tag="700" ind1=" " ind2=" ">
    <subfield code="a">Pinilla, Augusto, </subfield>
    <subfield code="d">1946-.  </subfield>
  </datafield>
  <datafield tag="700" ind1=" " ind2=" ">
    <subfield code="a">C&#xE1;rdenas, Alfonso. </subfield>
  </datafield>
  <datafield tag="700" ind1=" " ind2=" ">
    <subfield code="a">Laso, Margarita, </subfield>
    <subfield code="d">1963- </subfield>
  </datafield>
  <datafield tag="942" ind1=" " ind2=" ">
    <subfield code="2">ddc</subfield>
    <subfield code="c">CDROM</subfield>
  </datafield>
  <datafield tag="999" ind1=" " ind2=" ">
    <subfield code="c">15068</subfield>
    <subfield code="d">15068</subfield>
  </datafield>
  <datafield tag="952" ind1=" " ind2=" ">
    <subfield code="0">0</subfield>
    <subfield code="1">0</subfield>
    <subfield code="2">ddc</subfield>
    <subfield code="4">0</subfield>
    <subfield code="7">0</subfield>
    <subfield code="8">MUL</subfield>
    <subfield code="a">BPMOS</subfield>
    <subfield code="b">BPMOS</subfield>
    <subfield code="d">2023-10-06</subfield>
    <subfield code="e">Dotaci&#xF3;n Biblioteca 2023</subfield>
    <subfield code="l">0</subfield>
    <subfield code="o">860.318 C17v</subfield>
    <subfield code="p">MOS503375</subfield>
    <subfield code="r">2023-10-06</subfield>
    <subfield code="t">V.1 Ej.1</subfield>
    <subfield code="w">2023-10-06</subfield>
    <subfield code="y">CDROM</subfield>
    <subfield code="z">Tres d&#xED;as</subfield>
  </datafield>
  <datafield tag="952" ind1=" " ind2=" ">
    <subfield code="0">0</subfield>
    <subfield code="1">0</subfield>
    <subfield code="2">ddc</subfield>
    <subfield code="4">0</subfield>
    <subfield code="7">0</subfield>
    <subfield code="8">MUL</subfield>
    <subfield code="a">BPMOS</subfield>
    <subfield code="b">BPMOS</subfield>
    <subfield code="d">2023-10-06</subfield>
    <subfield code="e">Dotaci&#xF3;n Biblioteca 2023</subfield>
    <subfield code="l">0</subfield>
    <subfield code="o">860.318 C17v</subfield>
    <subfield code="p">MOS503376</subfield>
    <subfield code="r">2023-10-06</subfield>
    <subfield code="t">V.2 Ej.1</subfield>
    <subfield code="w">2023-10-06</subfield>
    <subfield code="y">CDROM</subfield>
    <subfield code="z">Tres d&#xED;as</subfield>
  </datafield>
</record>
